000 00537nam a2200193 a 4500
001 BRCA_1751
005 20190320203531.0
008 200508s1990----us-a---###---#000-0#eng-#
020 _a0517014831
050 4 _aNK3600
_b.P73 1990
245 1 0 _aPractical Calligraphy
_bTechniques and Materials.
260 _aNew York
_bCrescent Books
_c1990
300 _a144 p.
_bil. a color
_c31 cm.
650 1 4 _aCaligrafĂ­a
_vManuales
_95464
650 1 4 _aAlfabetos
_95465
650 1 4 _aLetras inicales
_95466
653 0 _aEscritura
942 _2lcc
_cB
999 _c1535
_d1535